KOHA-Header-6

Organic Chemistry (Record no. 1214)

000 -LEADER
fixed length control field 00315nam a2200133Ia 4500
008 - FIXED-LENGTH DATA ELEMENTS--GENERAL INFORMATION
fixed length control field 190722s9999 xx 000 0 und d
020 ## - INTERNATIONAL STANDARD BOOK NUMBER
International Standard Book Number 978-0-07-340261-1
100 ## - MAIN ENTRY--PERSONAL NAME
Personal name Francis A.Carey
245 #0 - TITLE STATEMENT
Title Organic Chemistry
250 ## - EDITION STATEMENT
Edition statement 8th
260 ## - PUBLICATION, DISTRIBUTION, ETC. (IMPRINT)
Place of publication, distribution, etc New York
Name of publisher, distributor, etc McGraw Hill
Date of publication, distribution, etc 2008
300 ## - PHYSICAL DESCRIPTION
Extent 1247
942 ## - ADDED ENTRY ELEMENTS (KOHA)
Koha item type Books
Holdings
Withdrawn status Lost status Damaged status Not for loan Permanent Location Current Location Shelving location Date acquired Total Checkouts Full call number Barcode Date last seen Date checked out Price effective from Koha item type
        MAJU MAJU Shelf No.A36 2019-07-22 3 547 7839 2023-06-08 2023-06-02 2019-07-22 Bio Science

Powered by Koha